| 000 | 00440nam a22001697a 4500 | ||
|---|---|---|---|
| 005 | 20160622110429.0 | ||
| 008 | 160622b xxu||||| |||| 00| 0 eng d | ||
| 020 | _a81-7188-352-4 | ||
| 041 | _aeng | ||
| 082 | _b8048 | ||
| 100 |
_aRahman, Rita Dulci & Andrea, Jox Miguel _92462 |
||
| 245 | _aResponsible Global Governance | ||
| 260 |
_aNew Delhi _bAcademic Foundation, _c2004 |
||
| 300 | _a180 | ||
| 650 |
_aManagement _9241 |
||
| 942 | _cBK | ||
| 999 |
_c3497 _d3496 |
||